Les 50... Femmes de télé - Statistiques

Statistiques générales
  • Ce quiz a été pris 92 fois
  • Le résultat moyen est 17 sur 50
Statistiques - réponses
Par images Réponse % Correct
Cristina Cordula
89%
Anne-Sophie Lapix
87%
Karine Lemarchand
80%
Faustine Bollaert
72%
Alessandra Sublet
69%
Laurence Ferrari
67%
Enora Malagré
65%
Sandrine Quetier
64%
Daphné Bürki
63%
Valérie Benaim
60%
Estelle Denis
59%
Ophélie Meunier
59%
Tatiana Silva
56%
Julia Vignali
48%
Delphine Wespiser
47%
Flavie Flament
47%
Apoline de Malherbe
45%
Hapsatou Sy
43%
Laure Boulleau
41%
Christine Kelly
37%
Ariane Brodier
36%
Audrey Crespo-Mara
36%
Sidonie Bonnec
36%
Karima Charni
35%
Marie Portolano
35%
Agathe Lecarron
29%
Isabelle Ithurburu
28%
Laurie Cholewa
21%
Eglantine Emeyé
20%
Emilie Tran Nguyen
20%
Séverine Ferrer
20%
Anaïs Grangerac
17%
Mary Patrux
16%
Aurélie Casse
13%
Nathalie Iannetta
13%
Marie-Ange Casalta
12%
Maya Lauqué
12%
Gaëlle Marie
11%
Virginie Guilhaume
9%
Anne-Laure Bonnet
8%
Emilie Broussouloux
8%
Marie Palot
8%
Vanessa Lemoigne
8%
Kayane
7%
Tania Young
7%
Virginie Sainsily
7%
Sonia Carneiro
5%
Yasmine Oughlis
5%
Cécile Djunga
4%
Alicia Dauby
3%
Aucun quiz correspondant
Distribution des résultats
% des personnes avec chaque résultat
Percentile par nombre de réponses
Votre historique - résultats
Vous n’avez pas pris ce quiz